000 00293nam a22001097a 4500
008 160512b xxu||||| |||| 00| 0 eng d
020 _a9994397478
041 _aeng
080 _a612.39
245 _aProceset themelore ne teknologjine ushqimore:
_cAnila Kopali; Ilir Malollari;
942 _2udc
_cBK
999 _c2095
_d2095